000 00337nam a2200133Ia 4500
008 240624s9999 xx 000 0 und d
041 _aeng
082 _a658.84 RAO
100 _aRAO MADANMOHAN
245 _aASIA PACIFIC INTERNET HANDBOOK EMERGING
260 _c2002
_aNew Delhi
_bTata McGrawhill
300 _axviii, : 370
365 _cRS
999 _c1029
_d1029